MARC детайли
| 000 -Лидер |
| Контролно поле с фиксирана дължина |
02576nam a2200505 c 4500 |
| 003 - Код на организацията, давaща контролен номер |
| Контролно поле |
BLK |
| 005 - Дата и час на последна редакция |
| Контролно поле |
20250128005502.0 |
| 008 - Елементи от данни с фиксирана дължина |
| fixed length control field |
180410b bul|||||r ||||||| ||bul|| |
| 010 ## - Наследен системен номер |
| LC control number |
KNG00167300000 |
| 040 ## - Източник на каталожния запис |
| Идентификатор на билиотеката - собственик на записа |
BLK |
| 041 ## - Код за език |
| Код за езика на текст/звукозапис или на отделно заглавие |
Български |
| Код за езика КДБФ |
Български |
| 072 #7 - Код за тематичната категория |
| Код организация |
bullib |
| Код за тематична категория |
К |
| Текст |
Краезнание |
| 080 ## - УДК |
| Текстов определител УДК |
Кредитни кооперации. Кооперативни банки |
| УДК код - определител по УДК |
334.2 |
| УДК определител |
(497.2)(091) |
| УДК - код + определител |
334.2(497.2)(091) |
| 080 ## - УДК |
| Текстов определител УДК |
Период на кризата на феодализма, зараждане на капиталистически отношения. Възраждане на българския народ (II пол. на ХVIII в. - 1878 г.) |
| УДК код - определител по УДК |
94(497.2)"1750/1878" |
| УДК - код + определител |
94(497.2)"1750/1878" |
| 080 ## - УДК |
| Текстов определител УДК |
Османски държавник |
| УДК код - определител по УДК |
929 Мидхат паша, Ахмед Шефик |
| УДК - код + определител |
929 Мидхат паша, Ахмед Шефик |
| 100 1# - Редна дума - Автор |
| Автор |
Чилингиров, Стилиян Хаджидобрев |
| Дати, свързани с автора |
1881-1962 |
| R(LIN) |
410962 |
| 139 ## - Редно поле |
| Редна дума |
Чилингиров, Стилиян Хаджидобрев |
| Авторски знак |
Чили - Ч 81 |
| 245 10 - Сведения за заглавието |
| Заглавие |
Митхад паша и земеделските каси |
| Редно поле (дума) |
Стилиян Хаджидобрев Чилингиров; с предг. от Стефан Фетваджиев. |
| 257 ## - Страна на издаване |
| Страна на създаване/издаване |
България |
| 260 ## - Област на издателските данни |
| Име на издателя, разпространителя и проч. |
Добромир Чилингиров |
| Година на издаване |
1942 |
| Печатница |
София : Нар. печат |
| Място на издаване, разпространение и проч. |
София |
| 300 ## - Физическа характеристика |
| Страници |
72 с. |
| Размери/Мащаб |
18 см |
| 380 ## - Жанр |
| Жанр |
Обществени науки |
| 500 ## - Общи забележки |
| Забележка |
3 000 тир. |
| 600 14 - Име на лице, използвано като предмет |
| За него / За нея |
Мидхат паша, Ахмед Шефик |
| Свързани дати |
1822-1884 |
| 9 (RLIN) |
95276 |
| 650 #4 - Допълнително описание по предмет – тема |
| Основно описание – тема или топоним |
България - кооперативно дело |
| 9 (RLIN) |
262247 |
| 650 #0 - Допълнително описание по предмет – тема |
| Основно описание – тема или топоним |
България - история, османско владичество |
| 9 (RLIN) |
245876 |
| 651 #4 - Допълнително описание по предмет - топоним |
| Географско понятие |
България |
| 9 (RLIN) |
241624 |
| 653 ## - Ключова дума – ненормативна |
| Ключова дума |
банки |
| 653 ## - Ключова дума – ненормативна |
| Ключова дума |
история |
| 653 ## - Ключова дума – ненормативна |
| Ключова дума |
османско владичество |
| 653 ## - Ключова дума – ненормативна |
| Ключова дума |
Мидхат паша |
| 659 ## - Тематичен бюлетин |
| Тематичен бюлетин |
К |
| 700 1# - Други автори (авторска отговорност) |
| Лично име |
Фетваджиев, Стефан |
| Автороска отговорност (Описва отношението между автора и произведението) |
с предг. от |
| 9 (RLIN) |
334750 |
| 852 ## - Местоположение |
| Форматна сигнатура |
Цб І 14002 |
| 852 ## - Местоположение |
| Форматна сигнатура |
К 334/Ч 81 С |
| 852 ## - Местоположение |
| Форматна сигнатура |
К 334/Ч 81 |
| 856 4# - Електронен адрес и достъп |
| Електронен формат |
pdf - файл |
| Инструкция (цена за достъп) |
0.00 |
| Права за достъп |
Достъп само през служебен интерфейс |
| Име на файл |
Митхад паша и земеделските каси |
| Път до файла /url/ |
http://185.138.176.146:18082/cgi-bin/koha/opac-retrieve-file.pl?id=2401c5785c1830130032cf6049e279b5 |
| Допълнителна информация (Корица, съдържание, пълен текст, звуков файл, HTML файл) |
Електронна книга |
| Информация за съдържанието |
Митхад паша и земеделските каси |
| 999 ## - СИСТЕМНИ КОНТРОЛНИ НОМЕРА |
| Koha biblionumber |
160098 |
| Koha biblioitemnumber |
160098 |
| 942 ## - АРТИКУЛИ |
| Вид на библиотечния материал |
Книги |
| Скрит в OPAC |
Не |
| Периодичен библиозапис |
Да |
| 944 ## - СЪЗДАВАНЕ И РЕДАКЦИЯ на ЗАПИСА |
| Създаване/Редакция |
Създаване |
| Дата на регистрацията/редакция |
14.11.2014 |
| Статус, дата на статуса |
CRON CRON |
| Служител, извършил регистрацията/редакцията |
|
| 944 ## - СЪЗДАВАНЕ И РЕДАКЦИЯ на ЗАПИСА |
| Създаване/Редакция |
Редакция |
| Дата на регистрацията/редакция |
14.11.2014 |
| Статус, дата на статуса |
14.11.2014 - от С1,Р / 14.11.2014 |
| 999 ## - СИСТЕМНИ КОНТРОЛНИ НОМЕРА |
| Koha biblioitemnumber |
160098 |
| 999 ## - СИСТЕМНИ КОНТРОЛНИ НОМЕРА |
| Koha biblioitemnumber |
160098 |
| 999 ## - СИСТЕМНИ КОНТРОЛНИ НОМЕРА |
| Koha biblioitemnumber |
160098 |
| 999 ## - СИСТЕМНИ КОНТРОЛНИ НОМЕРА |
| Koha biblioitemnumber |
160098 |